Multiple Choice City Quiz – Walla Walla - Statistics

General Stats
  • This quiz has been taken 50 times
  • The average score is 5 of 10
Answer Stats
Question Answer % Correct
What state is Walla Walla a part of? Washington
88%
Which Batman actor was from Walla Walla? Adam West
59%
Walla Walla only has one route from their airport. What city does that route go to? Seattle
54%
What county is Walla Walla a part of? Walla Walla County
51%
How many Neighborhoods are there in Walla Walla? 9
44%
What is the tallest building in Walla Walla Marcus Whitman Hotel
37%
What is the name of Walla Walla's Baseball team? Sweets
37%
Which of these wineries are NOT in Walla Walla Callaway
34%
What street of Walla Walla is Salted Mill on? Cherry
34%
How many inches of snow does Walla Walla get per year on average? 8
27%
No matching quizzes found
Score Distribution
Percent of People with Each Score
Percentile by Number Answered
Your Score History
You have not taken this quiz